000 01015cam a2200301 a 4500
999 _c19407
_d19407
001 589273
005 20170116122047.0
008 900801s1989 njua 001 0 eng
010 _a 90180738
020 _a1555214126
050 0 0 _aNK8454 .K56 1989
100 1 _aKing, Constance Eileen.
245 1 0 _aMetal toys & automata /
_cConstance King.
260 _aSecaucus, N.J. :
_bChartwell Books,
_cc1989.
300 _a128 p. :
_bill. (some col.) ;
_c29 cm.
500 _a"A Quintet book"--Verso t.p.
500 _aIncludes index.
650 0 _aMetal toys.
650 0 _aMechanical toys.
740 0 _aMetal toys and automata.
942 _2lcc
_cBOOKS
_hNK8454 .K56 1989